RIADIŤ, PLÁNOVAŤ, ROZHODOVAŤ

Bibliographic Details
Main Authors: Ďurkovič, Ivan (Author), Alexу, Július (Author)
Format: Article
Language:Slovak

MARC

LEADER 00000nab a2200000ua 4500
001 vtls010783070
003 SK-MaSNL
005 20260303135753.0
008 230218s1980 xo |||||||||||||||||slo|
035 |a (urnnbn)urn:nbn:sk:snk:ar-a02drf 
035 |a (uuid)b7b2f64f-d9dd-49c8-b7bc-ec5bac0521ec 
035 |a urn:nbn:sk:snk-ab4kmh 
040 |a SNKBUCL  |b slo  |c SNKBUCL  |e AACR2 
041 0 |a slo 
044 |a xo  |c SK 
100 1 |a Ďurkovič, Ivan  |4 aut  |9 296212 
245 1 0 |a RIADIŤ, PLÁNOVAŤ, ROZHODOVAŤ  |c Ivan Ďurkovič, Július Alexу 
700 1 |a Alexу, Július  |4 aut  |9 1157484 
773 0 |t Ekonomické rozhľady  |g Roč. 13, č. 2 (1980), s. 204-206 
954 |a odborná, vedecká literatúra pôvodná (slovenská)  |2 lita 
958 |a OND 
958 |a EUIPO 
958 |a article3 
999 |c 1967713  |d 1969643